| 000 | 00599nam a22001937a 4500 | ||
|---|---|---|---|
| 999 |
_c164206 _d164206 |
||
| 005 | 20190514105239.0 | ||
| 010 | _aB-009937 | ||
| 020 |
_a8186651578 _c150.00 |
||
| 035 | _aB-009937 | ||
| 037 | _bDBAD/PUB | ||
| 082 | _a510 | ||
| 100 | _aCheema, S.S | ||
| 245 |
_aDgp kit of Mathematics/ _c S.S, Cheema |
||
| 260 |
_aNew Delhi _bDhillon Group of publications _c2000 |
||
| 270 |
_aE- 12, kalkaji, _bNew Delhi _e110019 _k6488448 |
||
| 300 |
_a520p. _c23cm.(Hbk) |
||
| 942 |
_2ddc _cEN _h510 _mCHE |
||